The Weeknd A-Z - Statistics

General Stats
  • This quiz has been taken 206 times
  • The average score is 12 of 20
Answer Stats
Hint Answer % Correct
A The Abyss | Acquainted | Adaptation | After Hours | A Lonely Night | All I Know | Alone Again | Angel | As You Are | A Tale By Quincy | Attention
92%
H Hardest to Love | Heartless | Here We Go... Again | High for This | The Hills | House of Balloons | How Do I Make You Love Me | Hurry Up Tomorrow
87%
S Sacrifice | São Paulo | Save Your Tears | Scared to Live | Secrets | Shameless | Sidewalks | Six Feet Under | Snowchild | Starboy | Stargirl Interlude | Starry Eyes
83%
C Can't Feel My Face | Coming Down | Cry for Me
81%
B Baptized in Fear | Belong to the World | Best Friends | Big Sleep | Blinding Lights
80%
D Dark Times | Dawn FM | Die for You | Don't Break My Heart | Drive
75%
T Take Me Back to LA | Take My Breath | Tears in the Rain | Tell Your Friends | The Town | Timeless | Too Late | True Colors
67%
O Often | Open Hearts | Opening Night | Ordinary Life | Out of Time
66%
I I Can't Fucking Sing | I Can't Wait to Get There | I Feel it Coming | I Heard You're Married | In the Night | In Your Eyes | Is There Someone Else
63%
W Wake Me Up | Wanderlust | Wicked Games | Without a Warning | What You Need
63%
P The Party | Party Monster | Phantom Regret By Jim | Pretty | Prisoner | Professional
60%
K Kiss Land | The Knowing
57%
L Live For | Less Than Zero | Loft Music | Losers | Love in the Sky | Love to Lay
57%
R Real Life | Red Terror | Reflections Laughing | Reminder | Repeat After Me | Rockin
55%
F Faith | False Alarm
47%
G Gasoline | Give Me Mercy | Given Up on Me | Glass Table Girls
41%
E Earned It (Fifty Shades of Grey) | Enjoy the Show | Escape From LA | Every Angel is Terrifying
37%
N Niagara Falls | Nothing Without You
35%
M The Morning
34%
U Until I Bleed Out | Until We're Skin and Bones
24%
No matching quizzes found
Score Distribution
Percent of People with Each Score
Percentile by Number Answered
Your Score History
You have not taken this quiz